Calidad de vida, medio ambiente y ordenación del territorio : textos internacionales / recopilación, análisis y ordenación de los textos por: Fernando Fuentes Bodelón textos internacionales / recopilación, análisis y ordenación de los textos por:
MARC
| LEADER | 00000nam a2200000Ia 4500 | ||
|---|---|---|---|
| 001 | 21898, 21899, 21900 | ||
| 008 | 160829s1982 xx 000 0 cat d | ||
| 020 | |a 84-7433-237-0 (o.c.), 84-7433-238-9 (v.1), 84-7433-240-0 (v.2), 84-7433-244-3 (v.3) | ||
| 080 | |a D-4-47, D-4-48, D-4-49 | ||
| 100 | |a Fuentes Bodelón, Fernando |9 46129 | ||
| 245 | |a Calidad de vida, medio ambiente y ordenación del territorio : |b textos internacionales / recopilación, análisis y ordenación de los textos por: |b Fernando Fuentes Bodelón | ||
| 260 | |a Madrid : |b MOPU, Centro de Estudios de Ordenación del Territorio y Medio Ambiente (CEOTMA), |c 1982 | ||
| 300 | |a 3 v. (LXXII, 857 ; |c XV, 1149 ; |c XVI, 1180 p.) ; |c 22 cm | ||
| 590 | |a A la part superior de la portada: CEOTMA -CICFA. | ||
| 590 | |a Conté: v.1: Declaraciones y cartas, estrategias y planes de acción,...; v.2: Tratados y convenios multilaterales; v.3: Naturalesza: fauna y flora... | ||
| 650 | 0 | |a Ecologia |x Dret i legislació |9 46130 | |
| 650 | 0 | |a Dret ambiental |x Legislació |9 49036 | |
| 650 | 0 | |a Ordenació del territori |x Dret i legislació |9 46132 | |
| 650 | |a Urbanisme |x Dret i legislació |9 32392 | ||
| 650 | |a Dret urbanístic |x Legislació |9 46133 | ||
| 700 | |a Centro de Estudios de Ordenación del Territorio y Medio Ambiente (Madrid) |9 46134 | ||
| 901 | |a Arxiu | ||
| 942 | |n 1 | ||
| 952 | |0 1 |1 0 |2 udc |4 0 |5 2 |6 D447_D448_D449 |7 1 |9 53018 |a Arxiu |b Arxiu |d 2016-12-01 |l 0 |o D-4-47, D-4-48, D-4-49 |p 21898, 21899, 21900 |r 2016-12-01 00:00:00 |w 2016-12-01 |y ARXIU | ||
| 999 | |c 56867 |d 56867 | ||